| 000 | 00501nam a2200157 i 4500 | ||
|---|---|---|---|
| 001 | 43641 | ||
| 003 | ES-MaACL | ||
| 005 | 20230906160841.0 | ||
| 007 | t| | ||
| 008 | 030318s1923 sp ||||1| spa d | ||
| 100 | 1 |
_aCervera Cañizares, Diego. _937638 |
|
| 245 | 1 | 3 |
_aLa resurrección de Cervantes _b: el príncipe de los ingenios : Cervantes... argumentos... en la... película... / _cDiego Cervera Cañizares. |
| 260 |
_aMadrid : _b[s.n., _c1923] |
||
| 300 | _a111 p. | ||
| 852 |
_aES-MaACL _j1658-F-2 |
||
| 999 |
_c43641 _d43641 |
||